Statistics for Countries That Officially Celebrate Thanksgiving

Click here to take the quiz!

General Stats

  • This quiz has been taken 71 times
  • The average score is 4 of 5

Answer Stats

Where?When?Country% Correct
North AmericaFourth Thursday in NovemberUnited States
100%
North AmericaSecond Monday in OctoberCanada
98%
West AfricaFirst Thursday in NovemberLiberia
70%
Caribbean25 OctoberGrenada
65%
CaribbeanFirst Monday in OctoberSaint Lucia
65%

Score Distribution

Percentile by Number Answered

Percent of People with Each Score

Your Score History

You have not taken this quiz